Bytový dom

Salvato in:
Dettagli Bibliografici
Autore principale: Kvaková, Nikola (Autore)
Altri autori: Franek, Michal (Relatore della tesi)
Natura: Manoscritto Libro
Lingua:slovacco
Pubblicazione: 2023
Soggetti:
Accesso online:http://is.stuba.sk/zp/portal_zp.pl?podrobnosti=156476
https://opac.crzp.sk/?fn=detailBiblioForm&sid=0A15AC6E5E2ED0F3D6D0C6342BCF
Tags: Aggiungi Tag
Nessun Tag, puoi essere il primo ad aggiungerne!!

MARC

LEADER 00000ntm a22000003a 4500
001 stuzp93747
003 SK-STU
005 20230919102019.3
007 ta
008 150427s2015----xo-----f-mn---000-0-slo-d
040 |a STU  |b slo 
041 0 |a slo 
100 1 |a Kvaková, Nikola  |u 010180  |4 aut  |U SvF Stavebná fakulta  |T SvF Katedra konštrukcií pozemných stavieb  |X 104316  |U V180  |Y 18  |7 104316 
242 0 1 |a Apartment building  |y eng 
245 1 0 |a Bytový dom 
260 |c 2023 
650 4 |a ustúpené podlažie  |2 slo 
650 4 |a novostavba  |2 slo 
650 4 |a bytový dom  |2 slo 
650 4 |a železobetónový skeletový nosný systém  |2 slo 
650 4 |a apartment building  |2 eng 
650 4 |a new construction  |2 eng 
650 4 |a reinforced concrete skeleton support system  |2 eng 
650 4 |a setback floor  |2 eng 
700 1 |a Franek, Michal  |u 010180  |k Z1  |4 ths  |U SvF Stavebná fakulta  |T SvF Katedra konštrukcií pozemných stavieb  |X 49000  |U V180  |Y 18  |7 A000049000 
856 4 |u http://is.stuba.sk/zp/portal_zp.pl?podrobnosti=156476 
856 4 |u https://opac.crzp.sk/?fn=detailBiblioForm&sid=0A15AC6E5E2ED0F3D6D0C6342BCF